000 00657nam a2200181Ia 4500
008 151202s9999||||xx |||||||||||||| ||und||
082 _bPNVM-72521
100 _aखरे सुरेश.
245 _aमंतरलेली चैत्रवेल.
260 _bजोशी ब्रदर्स बुकसेलर्स अ‍ॅण्ड पब्लिशर्स.
260 _c7252
300 _a83
600 _aखरे सुरेश.
630 _aमंतरलेली चैत्रवेल.
700 _aखरे सुरेश.
730 _aमंतरलेली चैत्रवेल.
942 _cBOOK
999 _c1339186
_d1339183